000 004530000a22001810004500
003 MACL
005 20160101150628.0
008 160101b xxu||||| |||| 00| 0 eng d
040 _aMACL
_cMACL
041 _aEnglish
082 _a342.54/DOA
100 _aDoabia, H S
_926499
245 _aSupreme Court on Constitution of India
260 _bWadhwa and company
_c1967
_aIndore
350 _a30
650 _aLaw
_926500
942 _cBK
_k342.54/DOA
_2ddc
999 _c36222
_d36222